[Event "36.Gold-Cup"]
[Site "Meran"]
[Date "2008.04.04"]
[Round "1"]
[White "Meineke, Lars"]
[Black "Freundorfer, Josef"]
[Result "0-1"]
[WhiteElo "1876"]
[BlackElo "2168"]
[PlyCount "86"]
[EventDate "2008.??.??"]

1. Nf3 Nf6 2. b3 g6 3. Bb2 Bg7 4. e4 d6 5. g3 O-O 6. d3 e5 7. Bg2 Nc6 8. O-O
Bd7 9. Nbd2 Qc8 10. Nc4 Ng4 11. Ne3 Nxe3 12. fxe3 Bg4 13. Qe2 Qd7 14. Rf2 Rae8
15. Raf1 Bh6 16. Qe1 a5 17. a3 a4 18. b4 b5 19. h3 Be6 20. Kh2 Ne7 21. d4 Bc4
22. Rg1 exd4 23. exd4 Nd5 24. Bc1 Bg7 25. Qd2 Nf6 26. e5 Ne4 27. Qe3 Nxf2 28.
Qxf2 Bd5 29. Rd1 c6 30. Bf4 f6 31. exd6 g5 32. Bc1 Qxd6 33. Bf1 h6 34. Nd2 f5
35. c4 bxc4 36. Nxc4 Qb8 37. Qc2 Be4 38. Qxa4 f4 39. Qb3 fxg3+ 40. Kg1 Rf3 41.
Ne3+ Bd5 42. Bc4 Kh8 43. Bxd5 cxd5 0-1

[Event "36.Gold-Cup"]
[Site "Meran"]
[Date "2008.04.10"]
[Round "7"]
[White "Meineke, Lars"]
[Black "Meyer, Thorsten"]
[Result "1-0"]
[WhiteElo "1876"]
[BlackElo "2046"]
[PlyCount "103"]
[EventDate "2008.??.??"]

1. Nf3 d6 2. b3 g6 3. Bb2 Nf6 4. e4 Bg7 5. g3 O-O 6. d3 Nc6 7. Bg2 e5 8. O-O
Bd7 9. c4 Qc8 10. Nc3 Bh3 11. Qd2 Bxg2 12. Kxg2 Nh5 13. Nh4 Bf6 14. Nf3 Nf4+
15. Kh1 Qh3 16. Rg1 Qg4 17. Ne1 Nh3 18. f3 Qh5 19. Nd5 Bd8 20. Rg2 f5 21. exf5
Qxf5 22. Qe2 Ne7 23. Ne3 Qd7 24. N1c2 Nf5 25. Nxf5 Qxf5 26. Rf1 Bg5 27. Qe4 c6
28. Re2 c5 29. Qxf5 Rxf5 30. Kg2 Nf4+ 31. gxf4 Bxf4 32. Ne3 Rh5 33. Kh1 Rf8 34.
Nd5 Bh6 35. Ref2 g5 36. Bc1 Bg7 37. Rg2 h6 38. Rg4 Rf7 39. Kg2 Kf8 40. Bd2 Ke8
41. b4 cxb4 42. Bxb4 Kd7 43. Bd2 Kc6 44. Be3 a6 45. Rb1 b5 46. cxb5+ axb5 47.
Nc3 d5 48. Bf2 d4 49. Nxb5 Rf8 50. Re4 Ra8 51. Re2 Ra5 52. Rc2+ 1-0

[Event "36.Gold-Cup"]
[Site "Meran"]
[Date "2008.04.10"]
[Round "7"]
[White "Opitz, Christian"]
[Black "Ellis, Jonathan"]
[Result "1-0"]
[WhiteElo "2087"]
[BlackElo "1500"]
[PlyCount "23"]
[EventDate "2008.??.??"]

1. e4 d5 2. exd5 Qxd5 3. Nc3 Qa5 4. Bc4 c6 5. d3 Nf6 6. h3 Bf5 7. Nf3 h6 8. O-O
e6 9. Re1 Bd6 10. Bd2 Qc7 11. Nd4 Bh7 12. Bxe6 1-0

[Event "36.Gold-Cup"]
[Site "Meran"]
[Date "2008.04.11"]
[Round "8"]
[White "Welz, Peter"]
[Black "Meineke, Lars"]
[Result "1-0"]
[WhiteElo "2138"]
[BlackElo "1876"]
[PlyCount "51"]
[EventDate "2008.??.??"]

1. e4 e6 2. d4 d5 3. e5 c5 4. c3 Qb6 5. Nf3 Bd7 6. Be2 Bb5 7. O-O Bxe2 8. Qxe2
Qa6 9. Qe3 cxd4 10. cxd4 Ne7 11. Nc3 Nbc6 12. Rd1 Nf5 13. Qf4 Be7 14. Nxd5
O-O-O 15. Ne3 g5 16. Qe4 Nxe3 17. Bxe3 h6 18. d5 exd5 19. Qf5+ Kb8 20. Qxf7 Qb5
21. Rac1 Rhe8 22. b3 Ba3 23. Rc2 Qb4 24. Nd4 Nxe5 25. Qc7+ Ka8 26. Ne6 1-0